01586nam a22002657a 4500003000400000005001700004008004100021020001800062040001400080041000800094082001200102100003000114245004200144264005400186300006400240521057000304650001600874650002900890650003100919700004200950942001500992999001701007952014801024952014801172OSt20260504171239.0260504b ||||| |||| 00| 0 spa d a9786287778214 cCO-Mq BPB aspa aNbMUNi aMuncaster, Harrieteautor aIsadora Moon y el hada de los dientes aBarcelona, España;bPenguin Random House;c2021 a128 páginas;bTapa rustica, ilustraciones a color,c20 cm aIsadora es una niña muy especial: mitad hada y mitad vampiro. Su vida cambia cuando uno de sus dientes empieza a moverse. Su mamá quiere que siga la tradición de las hadas y deje el diente para el hada de los dientes, mientras que su papá prefiere la tradición de los vampiros: conservarlo como recuerdo. Confundida, Isadora no sabe qué hacer hasta que conoce a Mignonette, una ratoncita mágica que la ayuda a encontrar su propia manera de vivir este momento. Finalmente, Isadora crea una tradición única, que combina lo mejor de sus dos mundos. aCrecimiento aIdentidad y aceptación aAutoestima y ser diferente aPérez Sauquillo, Vanesaetraductora 2ddccBKLIT c16292d16292 00102ddc4051708LIaBPMOSbBPMOScFICd2026-05-04eCompra 2025iNTl0oN MUNipMOS504935r2026-05-04tEj. 1w2026-05-04yBKLITzQuince dias 00102ddc4051708LIaBPMOSbBPMOScFICd2026-05-04eCompra 2025iNTl0oN MUNipMOS504936r2026-05-04tEj. 2w2026-05-04yBKLITzQuince dias